Представление документа в формате MARC21

Поле Инд. ПП Название Значение
Тип записи a
Библиографический уровень b
001 Контрольный номер RU/IS/BASE/322590420
005 Дата корректировки 20200522191406.2
008 Кодируемые данные 20100322
040 b Код языка каталог. rus
e Правила каталог. PSBO
041 0_ a Код языка текста rus
084 a Индекс другой классификации/Индекс ББК 60.524.122.115
100 1_ a Автор Погосян В. Г.
q Полное имя Погосян Вардгес Григорьевич
245 10 a Заглавие Модернизация в дискурсе исторической социологии
504 a Библиография Библиогр.: с. 96
520 0_ a Аннотация Макросоциологический анализ и историософская ретроспектива позволяют представить модернизацию как нормативную категорию исторической социологии, адаптивное свойство социальной системы и неотъемлемую составляющую социально-исторического процесса
650 14 a Основная рубрика социология
653 1_ a Ключевые слова взаимодействие цивилизаций
a Ключевые слова восточная цивилизация
a Ключевые слова древний мир
a Ключевые слова заимствования
a Ключевые слова западная цивилизация
a Ключевые слова инновации
a Ключевые слова историческая социология
a Ключевые слова история
a Ключевые слова культура
a Ключевые слова модернизация
a Ключевые слова модернизация вооруженных сил
a Ключевые слова политическая модернизация
a Ключевые слова Россия
a Ключевые слова социальная модернизация
a Ключевые слова социальные изменения
a Ключевые слова социокультурное взаимодействие
a Ключевые слова средние века
a Ключевые слова цивилизационная матрица
773 08 t Заглавие источника Вестник Московского университета. Серия 18, Социология и политология
d Дата издания источника 2009
g Прочая информация № 4. - С. 81 - 96
w Контрольный № источника RU/IS/BASE/317399284
901 t Тип документа b